000
00322nam a2200133Ia 4500
005
20251222144917.0
008
251222s9999||||xx |||||||||||||| ||spa||
020
_a
9972-9467-3-8
082
_a
869.57/W55
100
_a
Wiesse Rebagliati, Jorge
245
0
_a
Vigilia de los Sentidos
264
_b
Laberintos
942
_c
LIB
999
_c
22587
_d
22587